Top 50 league table of residential estate agency offices (Record no. 109233)

MARC details
000 -LEADER
fixed length control field 00790cad a2200205 4500
001 - CONTROL NUMBER
control field L146590
008 - FIXED-LENGTH DATA ELEMENTS--GENERAL INFORMATION
fixed length control field 090206s2009 xxkd f s 000 0 eng u
035 ## - SYSTEM CONTROL NUMBER
System control number (Sirsi) u146590
041 0# - LANGUAGE CODE
Language code of text/sound track or separate title eng
050 04 - LIBRARY OF CONGRESS CALL NUMBER
Classification number 333.33 $2 18
110 2# - MAIN ENTRY--CORPORATE NAME
Corporate name or jurisdiction name as entry element Estate Agency News
9 (RLIN) 5683
245 00 - TITLE STATEMENT
Title Top 50 league table of residential estate agency offices
Medium [electronic resource]
260 ## - PUBLICATION, DISTRIBUTION, ETC.
Place of publication, distribution, etc. St Annes-on-Sea
Name of publisher, distributor, etc. Estates Press Ltd
Date of publication, distribution, etc. 2009
520 ## - SUMMARY, ETC.
Summary, etc. Lists residential estate agency offices in order of league rating with a comparison drawn between January 2008 and January 2009.
590 ## - LOCAL NOTE (RLIN)
Local note KA NTK
651 #4 - SUBJECT ADDED ENTRY--GEOGRAPHIC NAME
Geographic name United Kingdom
Chronological subdivision
690 ## - LOCAL SUBJECT ADDED ENTRY--TOPICAL TERM (OCLC, RLIN)
Topical term or geographic name as entry element PROPERTY-PROPERTY AGENCY
856 40 - ELECTRONIC LOCATION AND ACCESS
Uniform Resource Identifier <a href="https://www.estateagencynews.co.uk/league.asp">https://www.estateagencynews.co.uk/league.asp</a>
Public note View the item free of charge at www.estateagencynews.co.uk...
942 ## - ADDED ENTRY ELEMENTS (KOHA)
Suppress in OPAC 0
Holdings
Withdrawn status Lost status Source of classification or shelving scheme Damaged status Not for loan Home library Current library Shelving location Date acquired Total Checkouts Full call number Barcode Date last seen Copy number Price effective from Koha item type
    Dewey Decimal Classification     Virtual Virtual Online 06/02/2009   ONLINE PUBLICATION 146590-1001 06/08/2019 1 06/08/2019 Book